[Event "Bundesliga 2324"]
[Site "Germany"]
[Date "2023.10.22"]
[Round "2.3"]
[White "Saltaev, Mihail"]
[Black "Maghsoodloo, Parham"]
[Result "0-1"]
[WhiteElo "2441"]
[BlackElo "2707"]
[PlyCount "67"]
[EventDate "2023.10.21"]
[EventType "team-tourn"]
[EventRounds "15"]
[EventCountry "GER"]
[SourceTitle "Mega2024 Update 01"]
[Source "Chessbase"]
[SourceDate "2023.11.12"]
[SourceVersion "1"]
[SourceVersionDate "2023.11.12"]
[SourceQuality "1"]
[WhiteTeam "Muelheim Nord"]
[BlackTeam "Viernheim"]
[WhiteTeamCountry "GER"]
[BlackTeamCountry "GER"]

1. e4 c5 2. Nf3 d6 3. d4 cxd4 4. Nxd4 Nf6 5. Nc3 a6 6. a4 e6 7. Bd3 Be7 8. 0-0 0-0 9. Be3 e5 10. Nb3 Be6 11. a5 Nbd7 12. Be2 Rc8 13. Bf3 Re8 14. Re1 h6 15. h3 Nf8 16. Re2 Ng6 17. Rd2 Rxc3 18. bxc3 Qc8 19. Rd3 Bc4 20. Rxd6 Bxd6 21. Qxd6 Nh4 22. Qc5 Qe6 23. Nd2 Nxf3+ 24. gxf3 Bb5 25. Kg2 Rc8 26. Qb4 Nh5 27. c4 Bd7 28. Rh1 Bc6 29. c5 Bb5 30. Qb3 Qe7 31. Nc4 Rxc5 32. Bxc5 Nf4+ 33. Kh2 Qe6 34. Bb6 0-1

[Event "Dortmund NRW Cup 50th"]
[Site "Dortmund"]
[Date "2023.06.24"]
[Round "1"]
[White "Wagner, Dinara"]
[Black "Saltaev, Mihail"]
[Result "1-0"]
[WhiteElo "2447"]
[BlackElo "2462"]
[PlyCount "57"]
[EventDate "2023.06.24"]
[EventType "tourn"]
[EventRounds "9"]
[EventCountry "GER"]
[EventCategory "7"]
[SourceTitle "CBM 215 Extra"]
[Source "ChessBase"]
[SourceDate "2023.09.30"]
[SourceVersion "1"]
[SourceVersionDate "2023.09.30"]
[SourceQuality "1"]

1. d4 Nf6 2. c4 e6 3. Nf3 d5 4. g3 Be7 5. Bg2 0-0 6. 0-0 dxc4 7. Na3 Bxa3 8. bxa3 Qd6 9. Qc2 Qa6 10. e4 h6 11. e5 Nd5 12. g4 Bd7 13. g5 Ba4 14. Qe4 Nc3 15. Qe1 Nd5 16. gxh6 Bc2 17. hxg7 Kxg7 18. Qd2 Bd3 19. Qh6+ Kg8 20. Bg5 Nd7 21. Bf6 N7xf6 22. exf6 Nxf6 23. Qg5+ Kh7 24. Qxf6 Rad8 25. Ne5 Bf5 26. Nxf7 Rd7 27. Qh4+ Kg7 28. Ne5 Rdd8 29. Rfe1 1-0

[Event "Bundesliga 2223"]
[Site "Germany"]
[Date "2023.02.25"]
[Round "8.5"]
[White "Saltaev, Mihail"]
[Black "Pajeken, Jakob Leon"]
[Result "0-1"]
[WhiteElo "2469"]
[BlackElo "2461"]
[PlyCount "90"]
[EventDate "2022.10.21"]
[EventType "team-tourn"]
[EventRounds "15"]
[EventCountry "GER"]
[SourceTitle "CBM 213 Extra"]
[Source "ChessBase"]
[SourceDate "2023.05.31"]
[SourceVersion "1"]
[SourceVersionDate "2023.05.31"]
[SourceQuality "1"]
[WhiteTeam "Muelheim Nord"]
[BlackTeam "Kiel Turm"]
[WhiteTeamCountry "GER"]
[BlackTeamCountry "GER"]

1. e4 c5 2. Nf3 d6 3. d4 cxd4 4. Nxd4 Nf6 5. Nc3 a6 6. a4 e5 7. Nf3 Be7 8. Bg5 Be6 9. Bxf6 Bxf6 10. Nd5 Nd7 11. Bc4 Rc8 12. b3 Qa5+ 13. Qd2 Qxd2+ 14. Nxd2 Bg5 15. Nf3 Bd8 16. Ne3 Bb6 17. Bxe6 fxe6 18. Nc4 Bc5 19. 0-0 Ke7 20. Rfe1 Rhf8 21. Re2 Nf6 22. Nb2 d5 23. exd5 e4 24. d6+ Bxd6 25. Ng5 h6 26. Nxe4 Nxe4 27. Rxe4 Rxc2 28. Nd1 Bc5 29. Rg4 g5 30. h4 Rf4 31. Rxf4 gxf4 32. Rb1 Bd4 33. b4 Kd6 34. Kf1 Kd5 35. b5 a5 36. b6 Kc4 37. Ke1 e5 38. Rb5 e4 39. Rxa5 Kd3 40. Rd5 e3 41. fxe3 fxe3 42. Rd7 Rxg2 43. Nxe3 Kxe3 44. Kf1 Rg6 45. Rxb7 Kd3 0-1

[Event "Bundesliga 2223"]
[Site "Germany"]
[Date "2022.10.22"]
[Round "1.8"]
[White "Wachinger, Nikolas"]
[Black "Saltaev, Mihail"]
[Result "1/2-1/2"]
[WhiteElo "2432"]
[BlackElo "2469"]
[PlyCount "106"]
[EventDate "2022.10.21"]
[EventType "team-tourn"]
[EventRounds "15"]
[EventCountry "GER"]
[SourceTitle "CBM 211"]
[Source "ChessBase"]
[SourceDate "2022.12.31"]
[SourceVersion "1"]
[SourceVersionDate "2022.12.31"]
[SourceQuality "1"]
[WhiteTeam "Werder Bremen"]
[BlackTeam "Muelheim Nord"]
[WhiteTeamCountry "GER"]
[BlackTeamCountry "GER"]

1. e4 c6 2. Nf3 d5 3. Nc3 Bg4 4. h3 Bxf3 5. Qxf3 e6 6. d4 Nf6 7. Be2 dxe4 8. Qe3 Bb4 9. 0-0 Bxc3 10. bxc3 0-0 11. Qg3 Nbd7 12. Bh6 Ne8 13. a4 Ndf6 14. Rfb1 Qd7 15. c4 Kh8 16. Bf4 b6 17. a5 bxa5 18. Qa3 Kg8 19. c3 h6 20. Qc5 Qc8 21. Qe5 Qd8 22. Rb7 g5 23. Bh2 Ng7 24. g4 Nfe8 25. Qxe4 Nd6 26. Bxd6 Qxd6 27. c5 Qd5 28. Bd3 f5 29. Qxd5 exd5 30. gxf5 Nxf5 31. Rc7 Nh4 32. Rxc6 Rf3 33. Be2 Rxc3 34. Rxh6 Nf5 35. Rg6+ Kh7 36. Rxg5 Nxd4 37. Bg4 Rxc5 38. Rd1 Nb3 39. Be6 d4 40. Rxc5 Nxc5 41. Bf5+ Kg7 42. Rxd4 Re8 43. Kf1 Kf6 44. Bc2 Ke5 45. Rd1 Rb8 46. Ra1 Rb2 47. Bd1 a4 48. Bxa4 Nd3 49. Bc6 Rxf2+ 50. Kg1 Rc2 51. Bg2 Rc1+ 52. Rxc1 Nxc1 53. Bc6 Kf4 1/2-1/2

[Event "Bundesliga 1920"]
[Site "Germany"]
[Date "2021.10.14"]
[Round "9.8"]
[White "Baldauf, Marco"]
[Black "Saltaev, Mihail"]
[Result "1-0"]
[WhiteElo "2495"]
[BlackElo "2475"]
[PlyCount "37"]
[EventDate "2019.11.23"]
[EventType "team-tourn"]
[EventRounds "15"]
[EventCountry "GER"]
[SourceTitle "CBM 204 Extra"]
[Source "ChessBase"]
[SourceDate "2021.11.30"]
[SourceVersion "1"]
[SourceVersionDate "2021.11.30"]
[SourceQuality "1"]
[WhiteTeam "Berlin SF"]
[BlackTeam "Muelheim Nord"]
[WhiteTeamCountry "GER"]
[BlackTeamCountry "GER"]

1. d4 d5 2. c4 e6 3. Nc3 Be7 4. Nf3 Nf6 5. g3 0-0 6. Bg2 dxc4 7. Ne5 c5 8. dxc5 Qc7 9. Nxc4 Qxc5 10. b3 Rd8 11. Ba3 Rxd1+ 12. Rxd1 Qh5 13. Bxe7 Nbd7 14. h3 h6 15. Bf3 Qg6 16. 0-0 Qc2 17. Rd3 Nd5 18. Bxd5 exd5 19. Na3 1-0

[Event "Bundesliga 1920"]
[Site "Germany"]
[Date "2021.10.14"]
[Round "10.54"]
[White "Tischbierek, Raj"]
[Black "Saltaev, Mihail"]
[Result "1/2-1/2"]
[WhiteElo "2441"]
[BlackElo "2475"]
[PlyCount "48"]
[EventDate "2019.11.23"]
[EventType "team-tourn"]
[EventRounds "15"]
[EventCountry "GER"]
[SourceTitle "EXT 2022"]
[Source "ChessBase"]
[SourceDate "2021.10.06"]
[SourceVersion "1"]
[SourceVersionDate "2021.10.06"]
[SourceQuality "1"]
[WhiteTeam "Dresden TU"]
[BlackTeam "Muelheim Nord"]
[WhiteTeamCountry "GER"]
[BlackTeamCountry "GER"]

1. e4 c6 2. d4 d5 3. Nd2 dxe4 4. Nxe4 Bf5 5. Qf3 e6 6. Ne2 Nd7 7. N2g3 Bg6 8. h4 Ndf6 9. c3 Nxe4 10. Nxe4 h5 11. Bd3 Nh6 12. Bg5 Be7 13. Qf4 Nf5 14. Bxe7 Qxe7 15. 0-0-0 0-0-0 16. Ng5 Rd5 17. g3 Rhd8 18. Rhe1 Nxd4 19. Bc4 Rf5 20. Qe3 Nc2 21. Qxa7 Rxg5 22. hxg5 Nxe1 23. Qa8+ Kc7 24. Qa5+ Kc8 1/2-1/2

[Event "Berlin Rising Stars GM"]
[Site "Berlin"]
[Date "2021.09.23"]
[Round "8"]
[White "Saltaev, Mihail"]
[Black "Koellner, Ruben Gideon"]
[Result "1-0"]
[WhiteElo "2472"]
[BlackElo "2441"]
[PlyCount "87"]
[EventDate "2021.09.19"]
[EventType "tourn"]
[EventRounds "9"]
[EventCountry "GER"]
[EventCategory "8"]
[SourceTitle "CBM 204 Extra"]
[Source "ChessBase"]
[SourceDate "2021.11.30"]
[SourceVersion "1"]
[SourceVersionDate "2021.11.30"]
[SourceQuality "1"]

1. e4 d6 2. d4 Nf6 3. Nc3 e5 4. Nf3 Nbd7 5. Bc4 Be7 6. 0-0 Nb6 7. Be2 exd4 8. Nxd4 0-0 9. a4 a5 10. Re1 c6 11. Qd3 d5 12. e5 Nfd7 13. Qg3 Bh4 14. Qf4 Nc5 15. Nf5 Bxf5 16. Qxf5 f6 17. e6 g6 18. Qh3 f5 19. Bh6 Re8 20. Rad1 Bg5 21. Bd3 Bxh6 22. Qxh6 Qf6 23. Ne2 Nxe6 24. b3 Qg5 25. Qh3 Re7 26. f4 Qf6 27. g4 fxg4 28. Qxg4 Ng7 29. Ng3 Rxe1+ 30. Rxe1 Qd4+ 31. Kh1 Rf8 32. Rf1 c5 33. h4 c4 34. bxc4 Nxc4 35. Qd7 Ne3 36. Rf3 b6 37. h5 Nef5 38. Nxf5 Nxf5 39. hxg6 hxg6 40. Rh3 Rf7 41. Qe8+ Rf8 42. Qxg6+ Ng7 43. Rh8+ Kxh8 44. Qh7# 1-0

[Event "Berlin Rising Stars GM"]
[Site "Berlin"]
[Date "2021.09.21"]
[Round "5"]
[White "Saltaev, Mihail"]
[Black "Parvanyan, Ashot"]
[Result "1/2-1/2"]
[WhiteElo "2472"]
[BlackElo "2460"]
[PlyCount "49"]
[EventDate "2021.09.19"]
[EventType "tourn"]
[EventRounds "9"]
[EventCountry "GER"]
[EventCategory "8"]
[SourceTitle "CBM 204 Extra"]
[Source "ChessBase"]
[SourceDate "2021.11.30"]
[SourceVersion "1"]
[SourceVersionDate "2021.11.30"]
[SourceQuality "1"]

1. e4 e6 2. d4 d5 3. Nd2 Be7 4. Ngf3 Nf6 5. e5 Nfd7 6. c3 c5 7. Bd3 Nc6 8. 0-0 h5 9. Qe2 cxd4 10. cxd4 Nb4 11. Bb1 b6 12. Qe3 Ba6 13. Rd1 Qc7 14. Nf1 Nc2 15. Bxc2 Qxc2 16. Qe1 h4 17. h3 Rc8 18. Ne3 Qe2 19. Bd2 f5 20. exf6 gxf6 21. Rac1 Qxe1+ 22. Rxe1 Rxc1 23. Rxc1 Bd6 24. a3 Kf7 25. Bb4 1/2-1/2

[Event "Berlin Rising Stars GM"]
[Site "Berlin"]
[Date "2021.09.20"]
[Round "3"]
[White "Saltaev, Mihail"]
[Black "Haba, Petr"]
[Result "1/2-1/2"]
[WhiteElo "2472"]
[BlackElo "2447"]
[PlyCount "135"]
[EventDate "2021.09.19"]
[EventType "tourn"]
[EventRounds "9"]
[EventCountry "GER"]
[EventCategory "8"]
[SourceTitle "CBM 204 Extra"]
[Source "ChessBase"]
[SourceDate "2021.11.30"]
[SourceVersion "1"]
[SourceVersionDate "2021.11.30"]
[SourceQuality "1"]

1. e4 e5 2. Nf3 Nc6 3. Bb5 a6 4. Ba4 Nf6 5. d3 d6 6. c3 g6 7. Nbd2 Bg7 8. Nf1 0-0 9. Ng3 d5 10. 0-0 Re8 11. h3 h6 12. Be3 b5 13. Bb3 Be6 14. Qc1 Kh7 15. Rd1 Qe7 16. Bc2 Nd7 17. d4 exd4 18. cxd4 Nb4 19. Nf5 Bxf5 20. exf5 Nxc2 21. Qxc2 Rac8 22. Qc6 Qd6 23. fxg6+ fxg6 24. Qxd6 cxd6 25. Rac1 Nf8 26. Rxc8 Rxc8 27. Rc1 Rxc1+ 28. Bxc1 Ne6 29. Be3 h5 30. g4 hxg4 31. hxg4 Bh6 32. g5 Bg7 33. Kf1 Nd8 34. Ke2 Nc6 35. Kd3 Kg8 36. Ng1 Kf7 37. Ne2 Bh8 38. Nf4 Ne7 39. a3 Ke8 40. Bd2 Kd7 41. b3 Bg7 42. Bc3 Bh8 43. a4 Bg7 44. axb5 axb5 45. Bd2 Kc6 46. Be3 Bh8 47. Kc3 Kb6 48. Ne6 Nf5 49. Nf8 Ne7 50. Nd7+ Kc6 51. Nf6 Nf5 52. Ng4 Bg7 53. f4 Kd7 54. Bf2 Ne7 55. Kd3 Ke6 56. Ne3 Nc6 57. Nc2 Kf5 58. Be3 b4 59. Bd2 Kg4 60. Bxb4 Kxf4 61. Bd2+ Kf5 62. b4 Na7 63. Be3 Nb5 64. Ne1 Kg4 65. Ng2 Bh8 66. Ne1 Bg7 67. Ng2 Bh8 68. Nf4 1/2-1/2

[Event "Berlin Rising Stars GM"]
[Site "Berlin"]
[Date "2021.09.19"]
[Round "1"]
[White "Saltaev, Mihail"]
[Black "Sawlin, Leonid"]
[Result "1/2-1/2"]
[WhiteElo "2472"]
[BlackElo "2410"]
[PlyCount "89"]
[EventDate "2021.09.19"]
[EventType "tourn"]
[EventRounds "9"]
[EventCountry "GER"]
[EventCategory "8"]
[SourceTitle "CBM 204 Extra"]
[Source "ChessBase"]
[SourceDate "2021.11.30"]
[SourceVersion "1"]
[SourceVersionDate "2021.11.30"]
[SourceQuality "1"]

1. e4 e6 2. d4 d5 3. Nd2 c5 4. Ngf3 cxd4 5. exd5 Qxd5 6. Bc4 Qd7 7. 0-0 Nc6 8. Nb3 a6 9. Nfxd4 Nxd4 10. Nxd4 Qc7 11. Bb3 Bd6 12. h3 Bd7 13. Qf3 Ne7 14. c3 0-0 15. Re1 e5 16. Bg5 Rae8 17. Bxe7 Bxe7 18. Nf5 Bc5 19. Rad1 Kh8 20. Re2 Bb5 21. Red2 e4 22. Qg4 g6 23. Qh4 f6 24. Nd6 e3 25. Nxe8 exf2+ 26. Rxf2 Bxe8 27. Kh1 Bxf2 28. Qxf2 Bc6 29. Re1 Kg7 30. Re6 Qd8 31. Qd4 Qxd4 32. cxd4 Rd8 33. d5 Bxd5 34. Bxd5 Rxd5 35. Re7+ Kh6 36. Rxb7 Rd2 37. a4 Kg5 38. b4 Ra2 39. a5 h5 40. Rb6 Rb2 41. Kh2 h4 42. Rxa6 Rxb4 43. Rb6 Ra4 44. a6 Ra1 45. Rc6 1/2-1/2

[Event "Dortmund NRW Cup U20"]
[Site "Dortmund"]
[Date "2021.07.17"]
[Round "7"]
[White "Koellner, Ruben Gideon"]
[Black "Saltaev, Mihail"]
[Result "1/2-1/2"]
[WhiteElo "2407"]
[BlackElo "2480"]
[PlyCount "113"]
[EventDate "2021.07.13"]
[EventType "tourn"]
[EventRounds "9"]
[EventCountry "GER"]
[EventCategory "5"]
[SourceTitle "CBM 203 Extra"]
[Source "ChessBase"]
[SourceDate "2021.09.30"]
[SourceVersion "1"]
[SourceVersionDate "2021.09.30"]
[SourceQuality "1"]

1. e4 c6 2. d4 d5 3. e5 Bf5 4. h4 h5 5. Bd3 Bxd3 6. Qxd3 e6 7. Bg5 Qa5+ 8. Nd2 c5 9. dxc5 Bxc5 10. Ngf3 Qa6 11. Qxa6 Nxa6 12. c3 f6 13. Bf4 Ne7 14. Nb3 Ng6 15. Bg3 f5 16. Ng5 Ke7 17. Nh3 Bb6 18. Nf4 Nxf4 19. Bxf4 Rhc8 20. Rd1 Rc4 21. g3 Rac8 22. f3 Nb8 23. Rh2 a5 24. Nd2 R4c6 25. Nb1 Bc5 26. Rg2 Rf8 27. Ke2 Ke8 28. Rf1 Rc7 29. Nd2 Nc6 30. Nb3 Ba7 31. Nc1 b5 32. Nd3 b4 33. g4 hxg4 34. fxg4 bxc3 35. bxc3 Ne7 36. Bd2 Rc4 37. gxf5 Re4+ 38. Kd1 Nxf5 39. Rf4 Kf7 40. Rgg4 Rxf4 41. Rxf4 Rh8 42. c4 Rxh4 43. cxd5 Rxf4 44. Nxf4 exd5 45. Nxd5 Ke6 46. Nc7+ Kxe5 47. Bxa5 g5 48. Nb5 Bc5 49. Bc7+ Ke4 50. Ke2 g4 51. Nc3+ Kd4 52. Nd1 Kd5 53. Kf1 Kc6 54. Bf4 Kb5 55. Nc3+ Kc4 56. Ne4 Be7 57. Nf2 1/2-1/2

[Event "Dortmund NRW Cup U20"]
[Site "Dortmund"]
[Date "2021.07.16"]
[Round "6"]
[White "Saltaev, Mihail"]
[Black "Krastev, Alexander"]
[Result "1/2-1/2"]
[WhiteElo "2480"]
[BlackElo "2380"]
[PlyCount "71"]
[EventDate "2021.07.13"]
[EventType "tourn"]
[EventRounds "9"]
[EventCountry "GER"]
[EventCategory "5"]
[SourceTitle "CBM 203 Extra"]
[Source "ChessBase"]
[SourceDate "2021.09.30"]
[SourceVersion "1"]
[SourceVersionDate "2021.09.30"]
[SourceQuality "1"]

1. e4 e5 2. Nf3 Nc6 3. Bb5 a6 4. Ba4 Nf6 5. d3 b5 6. Bb3 Bc5 7. Nc3 d6 8. Nd5 h6 9. Be3 Na5 10. Bxc5 dxc5 11. Ne3 Qd6 12. Qd2 Nxb3 13. axb3 0-0 14. Qc3 Re8 15. 0-0 Nh7 16. Ra5 Ng5 17. Nxg5 hxg5 18. Rfa1 Rb8 19. h3 g6 20. g4 Bb7 21. f3 Kg7 22. Kg2 Rh8 23. Qd2 Rbd8 24. Rd1 Qf6 25. Qf2 Rd7 26. Rh1 Rdd8 27. Qe1 Rd4 28. Ra1 Qe7 29. Qc3 c6 30. Qa5 Rd7 31. Kf2 Qd6 32. Ke2 Qc7 33. Qc3 Qd6 34. Qa5 Qc7 35. Qe1 Qd6 36. Qa5 1/2-1/2

[Event "BEL-chT 1920"]
[Site "Belgium"]
[Date "2019.10.20"]
[Round "3.2"]
[White "Van den Doel, Erik"]
[Black "Saltaev, Mihail"]
[Result "1/2-1/2"]
[WhiteElo "2602"]
[BlackElo "2473"]
[PlyCount "42"]
[EventDate "2019.09.29"]
[EventType "team-tourn"]
[EventRounds "11"]
[EventCountry "BEL"]
[SourceTitle "CBM 195 Extra"]
[Source "ChessBase"]
[SourceDate "2020.05.31"]
[SourceVersion "1"]
[SourceVersionDate "2020.05.31"]
[SourceQuality "1"]
[WhiteTeam "Wirtzfeld"]
[BlackTeam "Eupen Rochade"]
[WhiteTeamCountry "BEL"]
[BlackTeamCountry "BEL"]

1. d4 d5 2. Nf3 Nf6 3. c4 e6 4. g3 Be7 5. Bg2 0-0 6. Nc3 Nbd7 7. 0-0 c6 8. Nd2 b5 9. cxd5 cxd5 10. Nxb5 Qb6 11. Nc3 Qxd4 12. Nb3 Qb6 13. e4 dxe4 14. Nxe4 Bb7 15. Be3 Qa6 16. Nxf6+ Nxf6 17. Bxb7 Qxb7 18. Qe2 Nd5 19. Bd4 Bf6 20. Rac1 Bxd4 21. Nxd4 Rfc8 1/2-1/2

[Event "Bundesliga 1819"]
[Site "Germany"]
[Date "2018.12.15"]
[Round "5.5"]
[White "Saltaev, Mihail"]
[Black "Schreiner, Peter"]
[Result "1/2-1/2"]
[WhiteElo "2471"]
[BlackElo "2480"]
[PlyCount "41"]
[EventDate "2018.11.10"]
[EventType "team-tourn"]
[EventRounds "15"]
[EventCountry "GER"]
[SourceTitle "CBM 187 Extra"]
[Source "ChessBase"]
[SourceDate "2018.11.04"]
[SourceVersion "1"]
[SourceVersionDate "2018.11.04"]
[SourceQuality "1"]
[WhiteTeam "Muelheim Nord"]
[BlackTeam "Berlin SF"]
[WhiteTeamCountry "GER"]
[BlackTeamCountry "GER"]

1. e4 e5 2. Nf3 Nc6 3. Bb5 a6 4. Ba4 Nf6 5. d3 d6 6. c3 g6 7. Nbd2 Bg7 8. Nf1 0-0 9. Ng3 b5 10. Bc2 Bb7 11. 0-0 Re8 12. Re1 Qd7 13. h3 a5 14. a3 a4 15. d4 exd4 16. cxd4 Na5 17. Rb1 c5 18. Bg5 cxd4 19. Nxd4 h6 20. Bf4 Nc4 21. Nf3 1/2-1/2

[Event "Bundesliga 1819"]
[Site "Germany"]
[Date "2018.11.10"]
[Round "1.5"]
[White "Saltaev, Mihail"]
[Black "Vallejo Pons, Francisco"]
[Result "0-1"]
[WhiteElo "2471"]
[BlackElo "2694"]
[PlyCount "56"]
[EventDate "2018.11.10"]
[EventType "team-tourn"]
[EventRounds "15"]
[EventCountry "GER"]
[SourceTitle "CBM 187 Extra"]
[Source "ChessBase"]
[SourceDate "2018.11.04"]
[SourceVersion "1"]
[SourceVersionDate "2018.11.04"]
[SourceQuality "1"]
[WhiteTeam "Muelheim Nord"]
[BlackTeam "Baden-Baden"]
[WhiteTeamCountry "GER"]
[BlackTeamCountry "GER"]

1. e4 e5 2. Nf3 Nc6 3. Bb5 a6 4. Ba4 d6 5. Bxc6+ bxc6 6. d4 exd4 7. Nxd4 c5 8. Nf3 g6 9. Bd2 Bg7 10. Bc3 f6 11. Nbd2 Nh6 12. Nc4 Nf7 13. Qd5 Rb8 14. Na5 Qd7 15. 0-0 0-0 16. Rad1 Qb5 17. b3 Bg4 18. a4 Qd7 19. Qd3 f5 20. Bxg7 fxe4 21. Qc3 Bxf3 22. gxf3 Ng5 23. Bh6 Nxf3+ 24. Kh1 Rf7 25. Qc4 Qh3 26. Bf4 Nh4 27. Qxe4 Rxf4 28. Qd5+ Kh8 0-1

[Event "Bundesliga 1718"]
[Site "Germany"]
[Date "2017.10.21"]
[Round "1.4"]
[White "Saltaev, Mihail"]
[Black "Wagner, Dennis"]
[Result "1/2-1/2"]
[WhiteElo "2477"]
[BlackElo "2564"]
[PlyCount "85"]
[EventDate "2017.10.21"]
[EventType "team-tourn"]
[EventRounds "15"]
[EventCountry "GER"]
[SourceTitle "CBM 181"]
[Source "ChessBase"]
[SourceDate "2017.11.10"]
[SourceVersion "1"]
[SourceVersionDate "2017.11.10"]
[SourceQuality "1"]
[WhiteTeam "Muelheim"]
[BlackTeam "Hockenheim"]
[WhiteTeamCountry "GER"]
[BlackTeamCountry "GER"]

1. e4 e5 2. Nf3 Nc6 3. Bb5 a6 4. Ba4 Nf6 5. 0-0 Be7 6. d3 b5 7. Bb3 d6 8. a3 0-0 9. Nc3 Bg4 10. Be3 Nd4 11. Bxd4 exd4 12. Nd5 Nd7 13. h3 Bxf3 14. Qxf3 a5 15. c3 dxc3 16. bxc3 a4 17. Ba2 c6 18. Nxe7+ Qxe7 19. d4 Nb6 20. Qd3 Rac8 21. d5 Nc4 22. Bxc4 bxc4 23. Qxc4 cxd5 24. Qxd5 Rxc3 25. Rfd1 g6 26. Rd4 Qc7 27. Qxd6 Qxd6 28. Rxd6 Rfc8 29. Ra2 Rc1+ 30. Kh2 R8c2 31. Rxc2 Rxc2 32. Rd4 Rxf2 33. Kg3 Rc2 34. Rxa4 Kg7 35. Ra6 g5 36. Kf3 h5 37. e5 Rc3+ 38. Ke4 Rg3 39. Kf5 Rxg2 40. Ra7 Re2 41. a4 g4 42. hxg4 hxg4 43. Kxg4 1/2-1/2

[Event "BEL-chT 1718"]
[Site "Belgium"]
[Date "2017.10.01"]
[Round "2.2"]
[White "Zaragatski, Ilja"]
[Black "Saltaev, Mihail"]
[Result "1/2-1/2"]
[WhiteElo "2497"]
[BlackElo "2477"]
[PlyCount "58"]
[EventDate "2017.09.24"]
[EventType "team-tourn"]
[EventRounds "11"]
[EventCountry "BEL"]
[SourceTitle "EXT 2019"]
[Source "ChessBase"]
[SourceDate "2018.10.10"]
[SourceVersion "1"]
[SourceVersionDate "2018.10.10"]
[SourceQuality "1"]
[WhiteTeam "Amay"]
[BlackTeam "KSK Rochade"]
[WhiteTeamCountry "BEL"]
[BlackTeamCountry "BEL"]

1. c4 e6 2. g3 d5 3. Bg2 Nf6 4. Nf3 Be7 5. 0-0 0-0 6. b3 b6 7. Bb2 Bb7 8. cxd5 exd5 9. d4 c5 10. Nc3 Nc6 11. dxc5 bxc5 12. Nh4 Re8 13. Nf5 d4 14. Na4 Bf8 15. Rc1 Na5 16. e3 Bxg2 17. Kxg2 Qd5+ 18. Qf3 Qxf3+ 19. Kxf3 Ne4 20. Rfd1 g6 21. Nh4 dxe3 22. fxe3 Nc6 23. Ng2 Ne5+ 24. Bxe5 Rxe5 25. Nc3 Nf6 26. Rd3 h5 27. h3 Rae8 28. Rcd1 Rf5+ 29. Nf4 Rfe5 1/2-1/2

[Event "Bundesliga 1617"]
[Site "Germany"]
[Date "2016.10.16"]
[Round "2.7"]
[White "Saltaev, Mihail"]
[Black "Agopov, Mikael"]
[Result "1/2-1/2"]
[WhiteElo "2477"]
[BlackElo "2433"]
[PlyCount "45"]
[EventDate "2016.10.15"]
[EventType "team-tourn"]
[EventRounds "15"]
[EventCountry "GER"]
[SourceTitle "EXT 2017"]
[Source "ChessBase"]
[SourceDate "2016.10.25"]
[SourceVersion "1"]
[SourceVersionDate "2016.10.25"]
[SourceQuality "1"]
[WhiteTeam "Muelheim"]
[BlackTeam "Berlin SF"]
[WhiteTeamCountry "GER"]
[BlackTeamCountry "GER"]

1. e4 c5 2. Ne2 d6 3. g3 Nc6 4. Bg2 g6 5. c3 e5 6. d4 exd4 7. cxd4 Bg7 8. dxc5 dxc5 9. Qxd8+ Nxd8 10. Nbc3 Bd7 11. Nd5 Rc8 12. Nec3 Ne6 13. 0-0 Nf6 14. Bh6 Nxd5 15. Bxg7 Nxg7 16. Nxd5 Ne6 17. Rfd1 Bc6 18. Rac1 b6 19. f4 Nd4 20. Kf2 Bxd5 21. Rxd4 Be6 22. Rd2 Ke7 23. Rcd1 1/2-1/2